[Event "Pereira Fiestas de la Cosecha"]
[Site "Pereira"]
[Date "2022.08.26"]
[Round "5"]
[White "Torres, Saulo de Jesus"]
[Black "Lopez Trujillo, Alfonso"]
[Result "1-0"]
[WhiteElo "1646"]
[BlackElo "1616"]
[PlyCount "103"]
[EventDate "2022.08.24"]
[EventType "swiss"]
[EventRounds "10"]
[EventCountry "COL"]
[SourceTitle "CBM 210 Extra"]
[Source "ChessBase"]
[SourceDate "2022.11.30"]
[SourceVersion "1"]
[SourceVersionDate "2022.11.30"]
[SourceQuality "1"]

1. e4 c6 2. d4 d5 3. Nd2 dxe4 4. Nxe4 Nd7 5. Bd3 Ngf6 6. Ng5 h6 7. Ne6 Qb6 8. Nxf8 Nxf8 9. Nf3 Bg4 10. c3 N8d7 11. 0-0 0-0 12. h3 Bh5 13. Qe2 Rfe8 14. Bf4 c5 15. Qe3 Bxf3 16. gxf3 cxd4 17. cxd4 Nd5 18. Qd2 Qf6 19. Bg3 Qxf3 20. Rfe1 N7f6 21. Re5 Nb6 22. Rae1 Nbd7 23. R1e3 Nxe5 24. dxe5 Qc6 25. exf6 exf6 26. Kh2 Rxe3 27. Qxe3 Re8 28. Qf4 Qd5 29. Bc4 Qe4 30. Qc7 Qe7 31. Qf4 a6 32. Bd5 b5 33. Qf3 Qe2 34. Qb3 Re7 35. Qc3 Re8 36. Qc7 Qe7 37. Qc6 Rd8 38. Bb3 Qe2 39. Qxa6 h5 40. Qb7 Qe8 41. Qf3 h4 42. Bxh4 Qe5+ 43. Bg3 Qxb2 44. Qb7 Rf8 45. Qxb5 Qd4 46. a4 Qe4 47. Bd5 Qd4 48. a5 Rd8 49. Bc6 Qd1 50. a6 Qe1 51. a7 Qa1 52. Qb7 1-0

[Event "Pereira Gildardo Garcia Memorial-B"]
[Site "Pereira"]
[Date "2022.05.20"]
[Round "5"]
[White "Acosta Angulo, Mariana Valentina"]
[Black "Lopez Trujillo, Alfonso"]
[Result "1-0"]
[WhiteElo "1509"]
[BlackElo "1676"]
[PlyCount "49"]
[EventDate "2022.05.18"]
[EventType "swiss"]
[EventRounds "9"]
[EventCountry "COL"]
[SourceTitle "CBM 208 Extra"]
[Source "ChessBase"]
[SourceDate "2022.07.31"]
[SourceVersion "1"]
[SourceVersionDate "2022.07.31"]
[SourceQuality "1"]

1. e4 c6 2. d4 d5 3. exd5 cxd5 4. Bd3 Nc6 5. c3 Nf6 6. Bf4 Bg4 7. Qb3 Qd7 8. Nd2 Na5 9. Qc2 Nc6 10. Ngf3 a6 11. 0-0 e6 12. Rae1 Be7 13. Ne5 Nxe5 14. dxe5 Nh5 15. Be3 Rc8 16. h3 d4 17. Bxd4 Bxh3 18. gxh3 Qxd4 19. cxd4 Rxc2 20. Bxc2 Bb4 21. Rd1 Nf4 22. Kh2 0-0 23. Ne4 Rd8 24. a3 Be7 25. Rfe1 1-0

[Event "Pereira Easter op"]
[Site "Pereira"]
[Date "2021.04.03"]
[Round "5"]
[White "Lopez Trujillo, Alfonso"]
[Black "Chavez Duero, Brayan Steven"]
[Result "0-1"]
[WhiteElo "1703"]
[BlackElo "2053"]
[PlyCount "128"]
[EventDate "2021.04.01"]
[EventType "swiss"]
[EventRounds "7"]
[EventCountry "COL"]
[SourceTitle "EXT 2022"]
[Source "ChessBase"]
[SourceDate "2021.10.06"]
[SourceVersion "1"]
[SourceVersionDate "2021.10.06"]
[SourceQuality "1"]

1. e4 c5 2. f4 d5 3. exd5 Nf6 4. Nc3 Nxd5 5. Nxd5 Qxd5 6. Qf3 e6 7. Bd3 c4 8. Be4 Qb5 9. c3 Na6 10. d4 cxd3 11. Bxd3 Qb6 12. Ne2 Bc5 13. b4 Be7 14. Be3 Qc6 15. Be4 Qc7 16. 0-0 0-0 17. Bd4 f5 18. Bd3 Bd7 19. Rac1 Bf6 20. Bc2 Kh8 21. Bb3 Bc6 22. Qe3 Rae8 23. Bxa7 e5 24. Qb6 exf4 25. Nd4 Bxd4+ 26. cxd4 Qxb6 27. Bxb6 Rf6 28. a3 Bb5 29. Rxf4 Rxb6 30. Rxf5 Bd3 31. Rf7 Bg6 32. Rd7 Nb8 33. Rdc7 Nc6 34. Rd7 Rd8 35. Rxd8+ Nxd8 36. Kf2 Rd6 37. Ke3 Bf7 38. Bxf7 Nxf7 39. Rc8+ Rd8 40. Rxd8+ Nxd8 41. d5 Kg8 42. Kd4 Kf7 43. Ke5 Ke7 44. a4 Nf7+ 45. Kd4 Kd6 46. a5 Nh6 47. b5 Nf5+ 48. Ke4 Ne7 49. a6 bxa6 50. bxa6 Nxd5 51. a7 Nc7 52. g4 Ke6 53. h4 h6 54. Kf4 g6 55. g5 h5 56. Ke4 Kd6 57. Kf4 Kd5 58. Kf3 Ke5 59. Ke3 Kf5 60. Kf3 Na8 61. Ke3 Kg4 62. Kd4 Kxh4 63. Kd5 Kxg5 64. Kc6 h4 0-1

[Event "Pereira op-B"]
[Site "Pereira"]
[Date "2021.02.26"]
[Round "3"]
[White "Lopez Trujillo, Alfonso"]
[Black "Lopez Ramirez, Daniel Giovanny"]
[Result "1/2-1/2"]
[WhiteElo "1616"]
[BlackElo "1843"]
[PlyCount "77"]
[EventDate "2021.02.25"]
[EventType "swiss"]
[EventRounds "7"]
[EventCountry "COL"]
[SourceTitle "EXT 2022"]
[Source "ChessBase"]
[SourceDate "2021.10.06"]
[SourceVersion "1"]
[SourceVersionDate "2021.10.06"]
[SourceQuality "1"]

1. e4 c5 2. f4 d5 3. exd5 Nf6 4. Nc3 Nxd5 5. Bb5+ Bd7 6. Bxd7+ Qxd7 7. Nxd5 Qxd5 8. Qf3 e6 9. c4 Qc6 10. a3 Be7 11. Qxc6+ Nxc6 12. Nf3 0-0-0 13. Ke2 Bf6 14. Rb1 Rhe8 15. Re1 e5 16. fxe5 Bxe5 17. Kf1 f6 18. Re3 Rd7 19. b4 Red8 20. b5 Na5 21. Nxe5 fxe5 22. Rxe5 b6 23. Re4 Rd4 24. Rxd4 Rxd4 25. Bb2 Rxd2 26. Bc3 Rc2 27. Bxa5 bxa5 28. b6 axb6 29. Rxb6 Rxc4 30. a4 Rxa4 31. Rc6+ Kd7 32. Rxc5 Ra2 33. h3 a4 34. Ra5 Ke6 35. Kg1 a3 36. Kh2 Ra1 37. Kg3 a2 38. Kh2 Kd6 39. Ra6+ 1/2-1/2

[Event "Pereira op-B"]
[Site "Pereira"]
[Date "2021.02.25"]
[Round "1"]
[White "Lopez Trujillo, Alfonso"]
[Black "Hernandez Pinzon, Helvert"]
[Result "0-1"]
[WhiteElo "1616"]
[BlackElo "1901"]
[PlyCount "118"]
[EventDate "2021.02.25"]
[EventType "swiss"]
[EventRounds "7"]
[EventCountry "COL"]
[SourceTitle "EXT 2022"]
[Source "ChessBase"]
[SourceDate "2021.10.06"]
[SourceVersion "1"]
[SourceVersionDate "2021.10.06"]
[SourceQuality "1"]

1. e4 c5 2. f4 d5 3. exd5 Nf6 4. Bb5+ Bd7 5. Nc3 Nxd5 6. Bxd7+ Qxd7 7. Nxd5 Qxd5 8. Qf3 e6 9. c4 Qxf3 10. Nxf3 Nc6 11. a3 g6 12. b3 Bg7 13. Rb1 a5 14. Bb2 Bxb2 15. Rxb2 Ke7 16. Ke2 Rad8 17. Rd1 Rd6 18. Ke3 Rhd8 19. d3 f6 20. Rbd2 Nd4 21. Nxd4 Rxd4 22. Rb1 R4d6 23. b4 Rb6 24. Rdb2 axb4 25. axb4 Rbd6 26. Rd2 b6 27. bxc5 bxc5 28. Rb7+ R8d7 29. Rxd7+ Kxd7 30. Ra2 Rc6 31. d4 cxd4+ 32. Kxd4 Kd6 33. Ra7 e5+ 34. fxe5+ fxe5+ 35. Kd3 Rb6 36. Rxh7 Rb3+ 37. Ke2 Kc5 38. Rg7 Rb2+ 39. Kf1 Rb6 40. Rc7+ Kd4 41. Rd7+ Ke4 42. Kf2 Rf6+ 43. Ke2 Rc6 44. Rg7 Kd4 45. Rd7+ Ke4 46. Rh7 Kd4 47. Rg7 Ra6 48. Rd7+ Kxc4 49. Ke3 Ra3+ 50. Ke2 Ra2+ 51. Kf1 e4 52. h4 e3 53. Rd6 Rf2+ 54. Kg1 Rf4 55. g3 e2 56. Rc6+ Kd4 57. Rd6+ Kc5 58. Re6 Rf1+ 59. Kg2 e1Q 0-1

[Event "Risarald op"]
[Site "Risarald"]
[Date "2015.06.15"]
[Round "6"]
[White "Cuervo, Andres Felipe"]
[Black "Lopez Trujillo, Alfonso"]
[Result "1-0"]
[WhiteElo "1879"]
[BlackElo "1589"]
[PlyCount "67"]
[EventDate "2015.06.12"]
[EventType "swiss"]
[EventRounds "7"]
[EventCountry "COL"]
[SourceTitle "CBM 167 Extra"]
[Source "ChessBase"]
[SourceDate "2015.09.14"]
[SourceVersion "1"]
[SourceVersionDate "2015.09.14"]
[SourceQuality "1"]

1. e4 g6 2. d4 Bg7 3. Be3 d6 4. Nf3 Nf6 5. Bd3 0-0 6. Qd2 Ng4 7. Bf4 e5 8. dxe5 dxe5 9. Bg3 Nc6 10. h3 Nh6 11. Nc3 f6 12. Nd5 Nf7 13. Bh4 Nd6 14. 0-0 Be6 15. c4 a6 16. Rad1 Qd7 17. Rfe1 Rae8 18. Bf1 Qf7 19. b3 g5 20. Bg3 g4 21. Nh4 gxh3 22. gxh3 Nd4 23. f4 Bh6 24. Qh2 Qg7 25. Kh1 Kh8 26. fxe5 Bxd5 27. exd5 N6f5 28. Nxf5 Nxf5 29. Rd3 Rg8 30. exf6 Nxg3+ 31. Rxg3 Qxg3 32. Qxg3 Rxg3 33. Rxe8+ Rg8 34. f7 1-0

[Event "Extremadura-ch"]
[Site "Badajoz"]
[Date "2013.06.15"]
[Round "6"]
[White "Gonzalez Sanchez, Jose"]
[Black "Lopez Trujillo, Alfonso"]
[Result "0-1"]
[WhiteElo "1696"]
[BlackElo "1786"]
[PlyCount "75"]
[EventDate "2013.06.08"]
[EventType "swiss"]
[EventRounds "7"]
[EventCountry "ESP"]
[SourceTitle "EXT 2014"]
[Source "ChessBase"]
[SourceDate "2013.11.20"]
[SourceVersion "1"]
[SourceVersionDate "2013.11.20"]
[SourceQuality "1"]

1. e4 e5 2. Nf3 Nc6 3. Bb5 Nf6 4. 0-0 Nxe4 5. d4 Nd6 6. Bxc6 dxc6 7. dxe5 Ne4 8. Qxd8+ Kxd8 9. Bg5+ Ke8 10. Nbd2 Nxd2 11. Nxd2 Bf5 12. Rfe1 Be7 13. Bxe7 Kxe7 14. c3 Rhd8 15. Nf3 Rd3 16. h3 Bxh3 17. Nd4 Be6 18. f4 a6 19. Rad1 Rxd1 20. Rxd1 g6 21. b3 Rd8 22. Rf1 c5 23. Nf3 h6 24. Kh2 Rd3 25. c4 Bg4 26. Kg3 h5 27. Rf2 Ke6 28. Rd2 Rc3 29. Kf2 Bxf3 30. gxf3 Rc1 31. Rd3 Rc2+ 32. Ke3 Rxa2 33. Rd8 Ra3 34. Re8+ Kd7 35. Rf8 Rxb3+ 36. Kf2 Ke7 37. Rc8 c6 38. Rc7+ 0-1

[Event "Extremadura-chT"]
[Site "Spain"]
[Date "2008.02.02"]
[Round "3.3"]
[White "Lopez Trujillo, Alfonso"]
[Black "Paredes Bravo, Jorge"]
[Result "1-0"]
[WhiteElo "1815"]
[BlackElo "1876"]
[PlyCount "91"]
[EventDate "2008.01.19"]
[EventType "team-swiss"]
[EventRounds "9"]
[EventCountry "ESP"]
[SourceTitle "EXT 2011"]
[Source "ChessBase"]
[SourceDate "2010.11.26"]
[SourceVersion "1"]
[SourceVersionDate "2010.11.26"]
[SourceQuality "1"]
[WhiteTeam "Tierra de Barros"]
[BlackTeam "Albatros"]
[WhiteTeamCountry "ESP"]
[BlackTeamCountry "ESP"]

1. Nf3 d5 2. d4 Nf6 3. c4 e6 4. Nc3 Be7 5. Bf4 c6 6. e3 0-0 7. h3 b6 8. Ne5 Bb7 9. cxd5 exd5 10. Bd3 Nbd7 11. 0-0 c5 12. Nf3 c4 13. Bf5 a6 14. Rc1 b5 15. Bb1 b4 16. Ne2 Qb6 17. Nd2 Rfc8 18. Bf5 Qb5 19. Re1 g6 20. Bc2 Nb6 21. Ra1 a5 22. a4 Qc6 23. b3 c3 24. Nf3 Ne4 25. Ne5 Qe6 26. Bg3 Nd7 27. Nf4 Qd6 28. Ned3 Nxg3 29. fxg3 g5 30. Nh5 Re8 31. Qf3 Ba6 32. Rf1 Rf8 33. Qf5 Bc8 34. Ne5 Qh6 35. Nxd7 Qxh5 36. Nf6+ Bxf6 37. Qxf6 Ra6 38. Qe5 Re6 39. Qxd5 Rxe3 40. Rf3 Re2 41. Rc1 Rfe8 42. Qc6 g4 43. Rf2 Rxf2 44. Qxe8+ Kg7 45. Kxf2 Qg5 46. Qe5+ 1-0

[Event "Extremadura-chT"]
[Site "Spain"]
[Date "2007.02.10"]
[Round "4.3"]
[White "Montero Aleu, Juan Antonio"]
[Black "Lopez Trujillo, Alfonso"]
[Result "1-0"]
[WhiteElo "1982"]
[BlackElo "1787"]
[PlyCount "117"]
[EventDate "2007.01.20"]
[EventType "team-swiss"]
[EventRounds "7"]
[EventCountry "ESP"]
[SourceTitle "EXT 2011"]
[Source "ChessBase"]
[SourceDate "2010.11.26"]
[SourceVersion "1"]
[SourceVersionDate "2010.11.26"]
[SourceQuality "1"]
[WhiteTeam "La Galeria"]
[BlackTeam "Tierra de Barros"]
[WhiteTeamCountry "ESP"]
[BlackTeamCountry "ESP"]

1. d4 Nf6 2. Nf3 g6 3. c3 Bg7 4. Qc2 d5 5. Bg5 0-0 6. e3 Bf5 7. Bd3 Bxd3 8. Qxd3 Nbd7 9. Nbd2 c5 10. 0-0 c4 11. Qc2 b5 12. Rfe1 e6 13. e4 dxe4 14. Nxe4 Qc7 15. Qd2 Nd5 16. h4 N7f6 17. g3 Ng4 18. Nh2 Nxh2 19. Kxh2 h5 20. Bh6 Rfe8 21. Re2 Ne7 22. Bxg7 Kxg7 23. Qg5 Nd5 24. Qe5+ Qxe5 25. dxe5 a6 26. a4 Nc7 27. Rd2 Red8 28. Rd6 Rxd6 29. exd6 Ne8 30. axb5 f5 31. Nc5 Nxd6 32. Rxa6 Rxa6 33. bxa6 Nb5 34. Nxe6+ Kf6 35. Nf4 g5 36. Nd5+ Ke5 37. Ne3 gxh4 38. gxh4 f4 39. Nxc4+ Kd5 40. Na3 Nc7 41. a7 Kc6 42. c4 Kc5 43. Nb5 Na8 44. Na3 Kb6 45. Nb5 Kc5 46. b3 Kb4 47. Nd6 Kxb3 48. Kg2 Kb4 49. Kf3 Kc5 50. Ne4+ Kxc4 51. Nf6 Kb5 52. Nxh5 Kb6 53. Ng7 Kxa7 54. h5 Nb6 55. h6 Nc4 56. h7 Ne5+ 57. Kxf4 Ng6+ 58. Kg5 Nh8 59. Nh5 1-0

[Event "Extremadura-chT"]
[Site "Spain"]
[Date "2007.01.20"]
[Round "1.3"]
[White "Lopez Trujillo, Alfonso"]
[Black "Toro Peguero, Francisco"]
[Result "1-0"]
[WhiteElo "1787"]
[BlackElo "1822"]
[PlyCount "97"]
[EventDate "2007.01.20"]
[EventType "team-swiss"]
[EventRounds "7"]
[EventCountry "ESP"]
[SourceTitle "EXT 2011"]
[Source "ChessBase"]
[SourceDate "2010.11.26"]
[SourceVersion "1"]
[SourceVersionDate "2010.11.26"]
[SourceQuality "1"]
[WhiteTeam "Tierra de Barros"]
[BlackTeam "Ruy Lopez"]
[WhiteTeamCountry "ESP"]
[BlackTeamCountry "ESP"]

1. d4 e6 2. c4 f5 3. Nc3 Nf6 4. g3 Nc6 5. Bg2 Be7 6. Bf4 Nh5 7. e3 Nxf4 8. gxf4 Bf6 9. Nge2 Ne7 10. Qb3 c6 11. Qd1 d5 12. c5 Ng6 13. Ng3 Nh4 14. Bf1 g6 15. b4 a6 16. a4 Bd7 17. Rb1 Kf7 18. Na2 Qc7 19. Nc1 b6 20. Nd3 bxc5 21. Nxc5 Ke7 22. Nxa6 Ng2+ 23. Kd2 Rxa6 24. Bxa6 Qb6 25. Bf1 Nh4 26. a5 Qc7 27. Be2 c5 28. Qc2 c4 29. Qc3 Ng2 30. Rb2 Bb5 31. Ra1 h5 32. Bf3 Nxf4 33. Nf1 Nh3 34. Ke1 Bh4 35. Raa2 Ng5 36. Bg2 f4 37. exf4 Qxf4 38. Qe3 Qxe3+ 39. Nxe3 Rf8 40. Re2 c3 41. Nxd5+ Kd6 42. Nxc3 Bxe2 43. Rxe2 Rc8 44. Nb5+ Ke7 45. a6 Rc1+ 46. Kd2 Ra1 47. a7 Nf3+ 48. Bxf3 Bg5+ 49. Kc3 1-0